000 00481nam a22001937a 4500
003 MPLRDC
005 20220105061137.0
008 210129b ||||| |||| 00| 0 eng d
020 _a978-962-14-6527-6
082 _a293.25 SMF-8
100 _a苏民峰
245 _a苏民峰2018狗年运程
_c
250 _a一刷
260 _a香港
_b圆方出版社
_c2017
300 _b
520 _a上架 2018-01-16。
650 _a相书--生肖
942 _cBK
_o293.25 SMF-8
999 _c69458
_d69448